Inovácie vo vzdelávaní - imperatívum dneška
Vedomostná báza v poslednej tretine 20. storočia a na prelome 20. a 21. storočia. Inovácie vo vzdelávaní. Inovácie vo vzdelávaní, ktoré sa dotýkajú foriem pedagogického pôsobenia učiteľov. Inovácie vo vzdelávaní, ktoré sa dotýkajú žiakov a študentov. Nutná podmienka - zmena prístupu k vzdelávaniu u...
Saved in:
| Main Author: | |
|---|---|
| Format: | Book Chapter |
| Language: | Slovak |
| Subjects: | |
| Tags: |
No Tags, Be the first to tag this record!
|
MARC
| LEADER | 00000nla$a2200000$$$4500 | ||
|---|---|---|---|
| 001 | 0083681 | ||
| 005 | 20240513074407.2 | ||
| 041 | 0 | |a slo | |
| 044 | |a SK | ||
| 245 | 1 | 0 | |a Inovácie vo vzdelávaní - imperatívum dneška |c Dária Rozborilová |
| 520 | |a Vedomostná báza v poslednej tretine 20. storočia a na prelome 20. a 21. storočia. Inovácie vo vzdelávaní. Inovácie vo vzdelávaní, ktoré sa dotýkajú foriem pedagogického pôsobenia učiteľov. Inovácie vo vzdelávaní, ktoré sa dotýkajú žiakov a študentov. Nutná podmienka - zmena prístupu k vzdelávaniu u priamych aj nepriamych účastníkov vzdelávania. | ||
| 610 | 2 | 0 | |a vzdelávanie |
| 610 | 2 | 0 | |a vedomosti |
| 610 | 2 | 0 | |a spoločnosť vedomostná |
| 610 | 2 | 0 | |a kvalifikácia |
| 610 | 2 | 0 | |a inovácia |
| 610 | 2 | 0 | |a učitelia |
| 610 | 2 | 0 | |a študenti |
| 100 | 1 | |a Rozborilová, Dária | |